Encyclopaedia of petroleum laws : (Record no. 136863)

MARC details
000 -LEADER
fixed length control field 00962nam a22002297a 4500
010 ## - LIBRARY OF CONGRESS CONTROL NUMBER
LC control number B-167901
020 ## - INTERNATIONAL STANDARD BOOK NUMBER
International Standard Book Number 8175344881
Terms of availability 1150.00
035 ## - SYSTEM CONTROL NUMBER
System control number B-167901
037 ## - SOURCE OF ACQUISITION
Source of stock number/acquisition Cen Lib / Ret
040 ## - CATALOGING SOURCE
Original cataloging agency DPL
Language of cataloging EN
082 ## - DEWEY DECIMAL CLASSIFICATION NUMBER
Classification number 343.540772
Item number SAR
100 ## - MAIN ENTRY--PERSONAL NAME
Personal name Sarin, Harbans Lal
245 ## - TITLE STATEMENT
Title Encyclopaedia of petroleum laws :
Remainder of title covering acts, rules, orders, notifications, allied laws, policies, regulations, international laws, glossary, model specimen documents, important addresses & digest of relevant cases /
Statement of responsibility, etc by Harbans Lal Sarin [and] Manmohan Lal Sarin
250 ## - EDITION STATEMENT
Edition statement 10th ed
260 ## - PUBLICATION, DISTRIBUTION, ETC. (IMPRINT)
Place of publication, distribution, etc New Delhi
Name of publisher, distributor, etc Universal Law Publishing Co
Date of publication, distribution, etc 2005
270 ## - ADDRESS
Address C-FF-1A, Hans Cinema, Azapur GT Karnal Road
City New Delhi
Postal code 110033
300 ## - PHYSICAL DESCRIPTION
Extent xxii, 1745p :
Other physical details ill ;
Dimensions 24cm(Hb)
650 ## - SUBJECT ADDED ENTRY--TOPICAL TERM
Topical term or geographic name as entry element Petroleum law and legislation -- India.
650 ## - SUBJECT ADDED ENTRY--TOPICAL TERM
Topical term or geographic name as entry element Petroleum law and legislation.
700 ## - ADDED ENTRY--PERSONAL NAME
Personal name Sarin, Manmohan Lal
942 ## - ADDED ENTRY ELEMENTS (KOHA)
Source of classification or shelving scheme Dewey Decimal Classification
Koha item type English Books
Classification part 343.540772
Call number suffix SAR
Holdings
Withdrawn status Lost status Source of classification or shelving scheme Damaged status Not for loan Home library Current library Date acquired Source of acquisition Cost, normal purchase price Total Checkouts Full call number Barcode Date last seen Copy number Cost, replacement price Price effective from Koha item type
    Dewey Decimal Classification     Central Library Central Library 11/03/2016 Cen Lib/Ret 1150.00   343.540772 SAR B-167901 11/03/2016 1 1150.00 11/03/2016 English Books

© Delhi Public Library
Hit Counter
free hit counter